Fine Arts - Auditory Fine Arts | 1 | 3 | 1 | 0 | 40 | 70 | 83.50 | 0 | 4 |
Other Science: Earth Science | 2 | 0 | 0 | 0 | 30 | 56 | 56.00 | 2 | 2 |
Fine Arts - Visual Fine Arts | 2 | 0 | 1 | 0 | 25 | 28 | 38.50 | 1 | 2 |
Science - Biology | 1 | 1 | 1 | 0 | 20 | 66 | 73.00 | 0 | 2 |
Science - Physics | 0 | 2 | 0 | 0 | 20 | 72 | 72.50 | 0 | 2 |
| 0 | 2 | 1 | 0 | 15 | 74 | 113.50 | 0 | 2 |
Geography | 1 | 0 | 0 | 1 | 15 | 51 | 51.00 | 0 | 1 |
Literature - European Literature | 1 | 0 | 0 | 0 | 15 | 78 | 78.00 | 1 | 1 |
Other Science: Astronomy | 1 | 0 | 0 | 0 | 15 | 20 | 20.00 | 1 | 1 |
History - World History | 0 | 1 | 0 | 1 | 10 | 122 | 122.00 | 0 | 0 |
Literature - American Literature | 0 | 1 | 0 | 0 | 10 | 103 | 103.00 | 0 | 0 |
Philosophy | 0 | 1 | 1 | 0 | 5 | 76 | 76.00 | 1 | 1 |
Social Science | 0 | 0 | 0 | 0 | 0 | | 0.00 | 0 | 0 |
Other Arts: Visual | 0 | 0 | 1 | 0 | -5 | | 0.00 | 0 | 0 |
Other Arts: Auditory | 0 | 0 | 1 | 0 | -5 | | 0.00 | 0 | 0 |
Science - Chemistry | 0 | 0 | 1 | 0 | -5 | | 0.00 | 0 | 0 |
History - American History | 0 | 0 | 1 | 0 | -5 | | 0.00 | 0 | 0 |